Every song by Rammstein - Statistics

General Stats
  • This quiz has been taken 47 times
  • The average score is 58 of 92
Answer Stats
Song % Correct
Zeit
86%
B********
83%
Mutter
83%
Reise, Reise
83%
Rosenrot
83%
Sehnsucht
83%
Sonne
83%
Deutschland
80%
Du hast
80%
Radio
80%
Rammstein
80%
Ausländer
77%
Herzeleid
77%
Adieu
74%
Amerika
74%
Engel
74%
Ich will
74%
Links 2 3 4
74%
Mein Herz brennt
74%
Pussy
74%
Ich tu dir weh
71%
Liebe ist für alle da
71%
Zick Zack
71%
Zwitter
71%
Adios
69%
Angst
69%
Du riechst so gut
69%
Rammlied
69%
Seemann
69%
Amour
66%
Benzin
66%
Bück dich
66%
Dalai Lama
66%
Feuer frei!
66%
Heirate mich
66%
Ohne dich
66%
Rein raus
66%
Spieluhr
66%
Wollt ihr das Bett in Flammen sehen
66%
Armee der Tristen
63%
Asche zu Asche
63%
Der Meister
63%
Dicke Titten
63%
Keine Lust
63%
Los
63%
Mein Teil
63%
Moskau
63%
Nebel
63%
Sex
63%
Bestrafe mich
60%
Lügen
60%
Meine Tränen
60%
Puppe
60%
Spiel mit mir
60%
Zeig dich
60%
Eifersucht
57%
Frühling in Paris
57%
Hallomann
57%
Klavier
57%
Küss mich
57%
Mann gegen Mann
57%
Spring
57%
Stein um Stein
57%
Te quiero puta!
57%
Tier
57%
Waidmanns Heil
57%
Weisses Fleisch
57%
Alter Mann
54%
Diamant
54%
Giftig
54%
Hilf mir
54%
Liese
54%
Morgenstern
54%
OK
54%
Tattoo
54%
Weit weg
54%
Zerstören
54%
Das alte Leid
51%
Schwarz
51%
Ein Lied
49%
Haifisch
49%
Laichzeit
49%
Roter Sand
49%
Was ich liebe
49%
Wiener Blut
49%
Feuer und Wasser
46%
Halt
46%
Stirb nicht vor mir
46%
Donaukinder
43%
Führe mich
43%
Mehr
43%
Wo bist du
43%
No matching quizzes found
Score Distribution
Percent of People with Each Score
Percentile by Number Answered
Your Score History
You have not taken this quiz